004210000a220010900045001000023000002450109000233000050001327730014001829420008001969520090002049990017002941 aAlgañaraz, Julio10aLa Iglesia también cae en el sexto : Los escándalos sexuales en la vida eclesiástica internacional aVol. 6, Num. 6 (Julio, 1993), Páginas 28-300 tCambio 16 cANA 001040708HEMaFUSBCbFUSBCd2016-01-26l0o r2016-01-26 00:00:00w2016-01-26yANA c58529d58529